| 000 | 00446nam a2200157Ia 4500 | ||
|---|---|---|---|
| 005 | 20250704012730.0 | ||
| 008 | 240331s9999 xx 000 0 und d | ||
| 020 | _a9559532820 | ||
| 082 |
_bDHA _a920 |
||
| 100 | _aDhammalankara, Himi Iththapane | ||
| 245 | 0 | _aMal pale upan pansale piyatuma | |
| 260 |
_aDehiwala _bA Sridevi Publication _c1995 |
||
| 300 | _a152 p., | ||
| 500 | _aThe temple where malpela was born is called piyatuma | ||
| 942 | _cL | ||
| 999 |
_c5301 _d5301 |
||